Effects of the Remote Auditing in Iraq During COVID-19

Dôsledky COVID-19 na stratégiu vzdialeného externého auditu irackého trhového prostredia. Preskúmanie potenciálneho vplyvu krízy COVID-19 na tri významné determinanty kvality auditu počas pandémie. Tieto techniky zahŕňajú riadenie rizík a hodnotenie rizík. Deskriptívny prieskum medzi 25 audítorskými...

ver descrição completa

Na minha lista:
Detalhes bibliográficos
Autor principal: Al-Taee, Salowan Hafadh Hamed
Formato: Capítulo de Livro
Idioma:inglês
Assuntos:
Tags: Adicionar Tag
Sem tags, seja o primeiro a adicionar uma tag!

MARC

LEADER 00000naa a2200000 4500
001 0279309
005 20211028103732.1
041 0 |a eng 
044 |a UA 
245 1 0 |a Effects of the Remote Auditing in Iraq During COVID-19  |c Salowan Hafadh Hamed Al-Taee 
520 |a Dôsledky COVID-19 na stratégiu vzdialeného externého auditu irackého trhového prostredia. Preskúmanie potenciálneho vplyvu krízy COVID-19 na tri významné determinanty kvality auditu počas pandémie. Tieto techniky zahŕňajú riadenie rizík a hodnotenie rizík. Deskriptívny prieskum medzi 25 audítorskými spoločnosťami a 127 audítorskými úradmi. 
610 2 0 |a audit 
610 2 0 |a audítori 
610 2 0 |a audítorstvo 
610 2 0 |a koronavírus 
610 2 0 |a Irak 
100 1 |a Al-Taee, Salowan Hafadh Hamed